Research and the teacher : a qualitative introduction to school-based research
Αποθηκεύτηκε σε:
| Κύριος συγγραφέας: | |
|---|---|
| Άλλοι συγγραφείς: | |
| Μορφή: | Βιβλίο |
| Γλώσσα: | English |
| Δημοσίευση: |
London :
Routledge,
1995.
|
| Έκδοση: | 2nd ed. |
| Θέματα: | |
| Ετικέτες: |
Προσθήκη ετικέτας
Δεν υπάρχουν, Καταχωρήστε ετικέτα πρώτοι!
|
MARC
| LEADER | 00000cam a2200000 i 4500 | ||
|---|---|---|---|
| 001 | 1/93510 | ||
| 008 | 991122s1995 enk| ||| |||| ||eng|| | ||
| 020 | |a 0-415-10102-6 | ||
| 035 | |l 10054434 | ||
| 040 | |a GR-MyUa |b gre |e AACR2 | ||
| 041 | 0 | |a eng | |
| 082 | 7 | |a 370.78 |2 (22) | |
| 100 | 1 | |a Hitchcock, Graham, |d 1952- | |
| 245 | 1 | 0 | |a Research and the teacher : |b a qualitative introduction to school-based research / |c Graham Hitchcock, David Hughes. |
| 250 | |a 2nd ed. | ||
| 260 | |a London : |b Routledge, |c 1995. | ||
| 300 | |a 370 σ. : |b εικ. ; |c 24 εκ. | ||
| 650 | 0 | |a Education |x Research. | |
| 650 | 0 | |a Interaction analysis in education. | |
| 700 | 1 | |a Hughes, David, |d 1938 August 12- | |
| 852 | |a INST |b RHODES |e 19991122 |h 370.78 HIT |p 005400011992 |q 005400011992 |t BK |y 0 | ||
| 901 | |a BIBL4-1999-3 | ||
| 922 | |a 4ΕΛΗ |b 199908 |c ΚΠΣ/154 |d GLORY BOOKS | ||
| 970 | |a ΚΟΥΛΑΚΙΟΤΗ |b ΛΙΤΣΑ |z 1999/11/22 | ||